Tepelné vlastnosti cementových vzoriek s komunálnym odpadom na báze plastov

Saved in:
Bibliographic Details
Main Author: Mészárosová, Tímea (Author)
Other Authors: Šín, Peter (Thesis advisor)
Format: Manuscript Book
Language:Slovak
Published: 2017
Subjects:
Online Access:http://is.stuba.sk/zp/portal_zp.pl?podrobnosti=125353
https://opac.crzp.sk/?fn=detailBiblioForm&sid=4B7A8F8230E49217391A628DC396
Tags: Add Tag
No Tags, Be the first to tag this record!

MARC

LEADER 00000ntm a22000003a 4500
001 stuzp63218
003 SK-STU
005 20230816112028.3
007 ta
008 150427s2015----xo-----f-mn---000-0-slo-d
040 |a STU  |b slo 
041 0 |a slo 
100 1 |a Mészárosová, Tímea  |u 010240  |4 aut  |U SvF Stavebná fakulta  |T SvF Katedra fyziky  |X 7131  |U V240  |Y 25  |7 7131 
242 0 1 |a Thermal properties of cement samples with municipal waste-based plastics  |y eng 
245 1 0 |a Tepelné vlastnosti cementových vzoriek s komunálnym odpadom na báze plastov 
260 |c 2017 
650 4 |a betón  |2 slo 
650 4 |a polypropylénové vlákna  |2 slo 
650 4 |a termofyzikálne vlastnosti  |2 slo 
650 4 |a concrete  |2 eng 
650 4 |a polypropylene fibers  |2 eng 
650 4 |a thermophysical properties  |2 eng 
700 1 |a Šín, Peter  |u 010240  |k Z1  |4 ths  |U SvF Stavebná fakulta  |T SvF Katedra fyziky  |X 66178  |U V240  |Y 25  |7 A000066178 
856 4 |u http://is.stuba.sk/zp/portal_zp.pl?podrobnosti=125353 
856 4 |u https://opac.crzp.sk/?fn=detailBiblioForm&sid=4B7A8F8230E49217391A628DC396